=LDR 00000nam 2200000 4500 =001 INLIS000000000024010 =005 20200813105042 =035 ##$$a 0010-061300000024010 =008 200813################g##########0#ind## =041 ##$$a Ind =082 ##$$a 2X9.8 =090 ##$$a 2X9.8, Kha a =100 1#$$a Khalid, Khalid muh =245 1#$$a Anggota pasukan berani mati angkatan yang pertama, /$c Khalid bin Sa'i bin Ash =260 ##$$a Bandung :$b cv. Diponegoro,$c 1994 =300 ##$$a 96 hlm, ; $c 11 x 18 cm =650 #4$$a Biografi tokoh islam =850 ##$$a NBPNMAT =084 ##$$a 2X9.8 KHA a =250 ##$$a cet.1 =990 ##$$a 00044469 =990 ##$$a 00044470 =990 ##$$a 00044471